000 00551nam a22002052 4500
001 0000004589
005 20151217145817.0
008 070525s xx 000 0 eng d
020 _a0030538173 :
_cKES 800
040 _aKABU
_cKABU
050 0 _aQH308.2
_b.J64
100 1 _aJohnson, George B.
_@0000155222
245 1 0 _aBiology :
_bvisualizing life.
260 _aNew York :
_bHolt,
_c1994.
300 _axv, 850 p.
650 0 _aBiology.
_@0000003707
908 _a070525
950 _@1
999 _c2799
_d2799